LEADER 01180cam0 22003013 450 001 SOB020916 005 20240419071613.0 010 $a8879882457 100 $a20040211d2001 |||||ita|0103 ba 101 $aita 102 $aIT 200 1 $a'Forma' e cultura della cittą medievale$eScritti scelti$fLetizia Pani Ermini$ga cura di Anna Maria Giuntella e Mariarosaria Salvatore 210 $aSpoleto$cCentro Italiano di Studi sull'Alto Medioevo$d2001 215 $aXII, 488 p., [57] carte di tav., [5] carte topografiche ripiegate$c ill.$d24 cm 225 2 $aCollectanea$v16 410 1$1001LAEC00018815$12001 $a*Collectanea$v16 700 1$aPani_Ermini$b, Letizia$3AF00013074$4070$0217207 702 1$aGIUNTELLA, Anna_Maria$3AF00023160$4070 702 1$aSALVATORE, Mariarosaria$3AF00020505$4070 801 0$aIT$bUNISOB$c20240419$gRICA 850 $aUNISOB 852 $aUNISOB$j900$m115132 912 $aSOB020916 940 $aM 102 Monografia moderna SBN 941 $aM 957 $a900$b003950$gSI$d115132$rACQUISTO$1rovito$2UNISOB$3UNISOB$420210118101818.0$520210118101833.0$6rovito 996 $aForma' e cultura della cittą medievale$91676282 997 $aUNISOB LEADER 02398nam 22003853 450 001 9910133639103321 005 20241111223158.0 035 $a(CKB)3280000000014169 035 $a(MiAaPQ)EBC31681931 035 $a(Au-PeEL)EBL31681931 035 $a(EXLCZ)993280000000014169 100 $a20241111d2007 uy 0 101 0 $aita 135 $aurcnu|||||||| 181 $ctxt$2rdacontent 182 $cc$2rdamedia 183 $acr$2rdacarrier 200 10$aL' Universita? Degli Studi Di Firenze Nel Centenario Della Nascita Di Giuseppe Occhialini (1907-1993) 205 $a1st ed. 210 1$aFlorence :$cFirenze University Press,$d2007. 210 4$d{copy}2007. 215 $a1 online resource (130 pages) 311 $a88-6453-155-6 330 $aGiuseppe Occhialini (1907-1993) is an outstanding figure among the Italian physicists that characterised the scientific development of the last century. A great experimenter, tirelessly proposing and implementing new projects, his name is linked to the history of research into cosmic rays, which were, however, far from being his only sphere of interest. In 1987, the physics community in general, and in particular the circle of his colleagues and friends, decided to offer Occhialini a sign of their esteem and affection by organising a commemorative encounter for his 80th birthday. In view of the retiring and crusty character of the scientist it was decided to hold a Conference on other themes: a Seminar on the history of the European Space Agency, followed by a Round Table on the beginnings of the research into cosmic rays. Seen through today's eyes, beyond its delightful fascination, this also appears like an almost magical moment that brought together some of the greatest physicists, of international standing, in one of the most fertile periods of Italian physics. 517 $aUniversitą degli studi di Firenze nel centenario della nascita di Giuseppe Occhialini 517 $aL'Universitą degli studi di Firenze nel centenario della nascita di Giuseppe Occhialini 700 $aBonetti$b Alberto$0467598 701 $aMazzoni$b Massimo$0321679 801 0$bMiAaPQ 801 1$bMiAaPQ 801 2$bMiAaPQ 906 $aBOOK 912 $a9910133639103321 996 $aL' Universita? Degli Studi Di Firenze Nel Centenario Della Nascita Di Giuseppe Occhialini (1907-1993)$94273177 997 $aUNINA